Statistics for Disney and Pixar animated theatrical release movies

Click here to take the quiz!

General Stats

  • This quiz has been taken 327 times
    (125 since last reset)
  • The average score is 61 of 107

Answer Stats

YearMovie% Correct
1995Toy Story
91%
1937Snow White and the seven dwarfs
90%
1999Toy Story 2
90%
2010Toy Story 3
88%
2019Toy Story 4
88%
1950Cinderella
86%
2013Frozen
86%
2019Frozen 2
86%
1991Beauty and the Beast
81%
2003Finding Nemo
81%
2015Inside Out
81%
1959Sleeping Beauty
81%
2016Finding Dory
79%
1994The Lion King
79%
2006Cars
78%
2001Monsters Inc
78%
1989The little mermaid
78%
1992Aladdin
77%
2004The Incredibles
77%
1998Mulan
76%
1940Pinocchio
76%
2010Tangled
76%
2009The Princess and the frog
76%
1942Bambi
74%
2012Brave
74%
2011Cars 2
74%
1940Fantasia
74%
2016Moana
74%
1967The jungle book
74%
2017Cars 3
72%
1941Dumbo
72%
2013Monsters University
72%
1953Peter Pan
72%
2012Wreck it Ralph
72%
2022Encanto
71%
1995Pocahontas
71%
2009Up
71%
1998A bug's life
69%
2020Soul
69%
2018Incredibles 2
68%
1973Robin Hood
67%
1997Hercules
65%
2021Raya and the last dragon
65%
1951Alice in Wonderland
64%
1955Lady and the Tramp
64%
1970The Aristocats
64%
1977The Rescuers
64%
1961101 Dalmatians
63%
2005Chicken Little
63%
2008Bolt
62%
2007Ratatouille
62%
1963The sword in the stone
62%
2008Wall-E
62%
2018Wreck it Ralph 2: Ralph breaks the internet
62%
2021Luca
60%
1999Tarzan
60%
2016Zootropolis
60%
2014Big Hero 6
59%
2000Fantasia 2000
59%
1981The fox and the hound
59%
2015The Good Dinosaur
59%
2011Winnie the Pooh
59%
2017Coco
58%
2020Onward
58%
1996The Hunchback of Notre Dame
58%
2002Lilo and Stitch
56%
1990The Rescuers down under
55%
2001Atlantis: the lost empire
54%
2007Meet the Robinsons
54%
2000The Emperor's New Groove
54%
1985The black cauldron
53%
2003Brother Bear
51%
2004Home on the range
50%
2000Dinosaur
49%
1986The Great Mouse Detective
49%
1944The Three Caballeros
49%
1988Oliver and Company
47%
2002Treasure Planet
46%
1942Saludos Amigos
45%
1947Fun and fancy free
44%
1946Make mine music
44%
1948Melody time
44%
1949The adventures of Ichabod and Mr Toad
44%
1995A Goofy movie
42%
2013Planes
40%
1977The many adventures of Winnie the Pooh
38%
2008Tinker Bell
35%
2003The Jungle Book 2
31%
2006Bambi II
29%
1993The nightmare before Christmas
28%
1990DuckTales the movie
24%
2011Mars needs moms
24%
2000The Tigger Movie
23%
2009A Christmas Carol
22%
2003Piglet's big movie
22%
2014Planes fire and rescue
22%
2012Frankenweenie
21%
2002Return to Never Land
21%
2001Recess: school's out
19%
2004Teacher's Pet
19%
2005Pooh's Heffalump Movie
18%
2014The pirate fairy
18%
1999Doug's first movie
17%
2021Ron's gone wrong
17%
2009Tinker Bell and the lost treasure
17%
2012Secret of the wings
15%
2015Tinker Bell and the Legend of the NeverBeast
15%

Score Distribution

Percentile by Number Answered

Percent of People with Each Score

Your Score History

You have not taken this quiz since the last reset